000 01276nam a22003014 4500
001 114555
003 DR-UNIBE
005 20260409105812.0
007 cr nn 008mamaa
008 260409b2026 xxu|||||s|||| 00| 0 eng d
020 _a9780443261336 (electrónico)
040 _aBIBLIOTECA UNIBE
_cBIBLIOTECA UNIBE
_erda
041 _aeng
100 _aMurray, Patrick R.
_939500
_eautor
100 _a Rosenthal, Ken S.
_939501
_eautor
100 _aPfaller, Michael A.
_926801
_eautor
245 1 0 _aMedical microbiology
250 _aDécima edición
260 _aPhiladelphia :
_bElsevier,
_c2026
300 _axi, 833 páginas :
_bilustraciones
500 _aRecurso en línea: Disponible para miembros de UNIBE a través del portal web del CRAI: https://www.unibe.edu.do/biblioteca/libros-electronicos/
505 _a 1. Introduction | 2. General Principles of Laboratory Diagnosis | 3. Basic Concepts in the Immune Response| 4. Bacteriology | 5. Virology | 6. Mycology| 7. Parasitology | 8. Infectious Diseases by Organ System |
650 7 _aMicrobiología
_2lemb
650 7 _aMedicina
_2lemb
_9190212
655 4 _aRecurso electrónico
_942681
856 _uhttps://www.clinicalkey.com/student/content/toc/3-s2.0-C20220008424
942 _2ddc
_cEB
999 _c114555
_d114555